| 000 | 05107cam a2201021 ar4500 | ||
|---|---|---|---|
| 999 | _c56373 | ||
| 001 | 9054876 | ||
| 003 | LIBRIS | ||
| 005 | 20210308134417.0 | ||
| 008 | 030814s2003 sw |||||||||||000 0|swe| | ||
| 020 |
_a9170549796 _qINB. _c257:00 |
||
| 040 |
_aNB _ea |
||
| 041 | _aswe | ||
| 080 | _a628 | ||
| 082 | 0 | 4 |
_a306.09 _222 (machine generated) |
| 084 |
_aKt _2kssb/7 |
||
| 100 | 1 |
_aBergholm, Göran, _d1940- |
|
| 245 | 0 | 0 |
_aDass : _ben undersökning av det hemliga rummet / _cGöran Bergholm & Ulf Kjellin ; [illustrationer: Göran Bergholm ; fotografier: Adam Bergholm ...]. |
| 250 | _a2. uppl. | ||
| 264 | 1 |
_aRimbo : _bFischer & Co, _c2003 |
|
| 264 | 3 | _aFinland | |
| 300 |
_a202, [6] s. _bill. (vissa i färg) _c30 cm |
||
| 340 | _b30 cm | ||
| 500 |
_5Li _aPliktex. |
||
| 650 | 7 |
_aToaletter _xhistoria _0https://id.kb.se/term/sao/Toaletter--historia _2sao |
|
| 650 | 7 |
_aAvträden _xhistoria _2sao |
|
| 650 | 7 |
_aPissoarer _xhistoria _2sao |
|
| 700 | 1 |
_aKjellin, Ulf, _d1942- _0https://libris.kb.se/97mpqdgt569q6pt#it |
|
| 775 | 0 |
_tDass _d2000 _z91-7054-895-1 _w7596613 |
|
| 887 |
_a{"@id":"vc531j561ck29c6","modified":"2004-02-02T13:17:31+01:00","checksum":"55808062531"} _2librisxl |
||
| 887 |
_a{"@id":"rw3jhg6x0qpxw6j","modified":"2012-09-17T14:31:34+02:00","checksum":"67607411467"} _2librisxl |
||
| 887 |
_a{"@id":"hmtrmpgn5kmxb2v","modified":"2008-06-04T14:27:04+02:00","checksum":"66155847582"} _2librisxl |
||
| 887 |
_a{"@id":"glrj0lnm391cjbq","modified":"2004-02-02T13:18:12+01:00","checksum":"72603221326"} _2librisxl |
||
| 887 |
_a{"@id":"37fbplr84vpb82s","modified":"2007-08-28T10:55:37+02:00","checksum":"71200095005"} _2librisxl |
||
| 887 |
_a{"@id":"chnd4j2j45fvxl7","modified":"2003-08-26T13:14:19+02:00","checksum":"43598165791"} _2librisxl |
||
| 887 |
_a{"@id":"hmsjg64n3zs30tz","modified":"2014-12-08T10:14:41+01:00","checksum":"54669111258"} _2librisxl |
||
| 887 |
_a{"@id":"15b5vrh62p301qt","modified":"2005-08-25T09:48:48+02:00","checksum":"56263949346"} _2librisxl |
||
| 887 |
_a{"@id":"48f5vlb95gwppsv","modified":"2003-08-14T12:49:36+02:00","checksum":"57502187080"} _2librisxl |
||
| 887 |
_a{"@id":"7cklmcnd2wks936","modified":"2009-05-12T11:12:04+02:00","checksum":"64217238144"} _2librisxl |
||
| 887 |
_a{"@id":"nszpkppt4z5ncbr","modified":"2003-09-01T13:50:31+02:00","checksum":"65356807291"} _2librisxl |
||
| 887 |
_a{"@id":"37d4tk983j6k3g8","modified":"2003-08-14T12:49:28+02:00","checksum":"67135480441"} _2librisxl |
||
| 887 |
_a{"@id":"6bh7xndc410bt6c","modified":"2003-08-14T12:49:43+02:00","checksum":"66447471988"} _2librisxl |
||
| 887 |
_a{"@id":"7ckdckpd1fv1dsh","modified":"2006-10-05T15:50:03+02:00","checksum":"67597779027"} _2librisxl |
||
| 887 |
_a{"@id":"v05xd571315m9sf","modified":"2007-09-06T13:54:02+02:00","checksum":"61109462301"} _2librisxl |
||
| 887 |
_a{"@id":"v05wzh6148qn6mm","modified":"2003-10-28T16:12:18+01:00","checksum":"44624394192"} _2librisxl |
||
| 887 |
_a{"@id":"z38176t413fr8vz","modified":"2003-12-05T15:50:30+01:00","checksum":"59246468160"} _2librisxl |
||
| 887 |
_a{"@id":"15c9lnk62g46h0m","modified":"2008-03-05T11:14:08+01:00","checksum":"65247511634"} _2librisxl |
||
| 887 |
_a{"@id":"bgnhq0xh2rjb3x9","modified":"2014-05-14T13:50:16+02:00","checksum":"73812646846"} _2librisxl |
||
| 887 |
_a{"@id":"qv21nfmw18c5ql9","modified":"2019-05-08T14:47:14.519+02:00","checksum":"17640310910"} _2librisxl |
||
| 942 |
_2z _cBOOK |
||